Statistiques concernant Culture Générale - Série 947

Cliquez ici pour prendre le quiz!

Statistiques générales

  • Ce quiz a été pris 82 fois
  • Le résultat moyen est 5 sur 10

Statistiques - réponses

QuestionRéponse% Correct
En géométrie, quelle lettre est utilisée pour désigner l'ordonnée ?Y
88%
Potage à base de légumes crus mixés servi froid, très répandu dans le sud de l'Espagne et le sud du Portugalgaspacho
77%
A Hollywood, par quel symbole les célébrités sont-elles représentées sur le sol du Walk Of Fame ?étoiles
66%
Quel marquis imaginaire le Chat botté invente-t-il, dans le conte de Perrault ? Le marquis de ...Carabas
49%
Quelle substance pigmentaire foncée, détermine la couleur de la peau, des cheveux et de l'iris ?mélanine
45%
Quel était le prénom du romancier maître de la science-fiction Asimov ?Isaac
40%
En 2004, qui est la Folcoche de "Vipère au poing" dans le film de Philippe de Broca ?Catherine Frot
37%
À la vie de quel personnage religieux Hermann Hesse s'attache-t-il dans “Siddhartha” ?Bouddha
33%
Sous quel nom connaît-on mieux l'acteur Juan Moreno y Herrera Jiménez ?Jean Reno
27%
En 1992, quelle judoka française, prénommée Cécile, est championne olympique dans la catégorie des moins de 48 kilos ?Cécile Nowak
1%

Distribution des résultats

Percentile par nombre de réponses

% des personnes avec chaque résultat

Votre développement - résultats

Vous n’avez pas pris ce quiz